| 000 | 00952nam a22003490a 4500 | ||
|---|---|---|---|
| 001 | PT61084 | ||
| 003 | AR-LpoUNG | ||
| 005 | 20210131232027.0 | ||
| 008 | 191001s2008||||ck |||||||||||||||||spa d | ||
| 020 |
_a9789586706735 _c$27.00 |
||
| 040 |
_aAR-LpoUNG _bspa _cAR-LpoUNG _eaacr |
||
| 041 | _aspa | ||
| 044 | _ack | ||
| 082 | 0 | _a410 463lee | |
| 100 | 1 | _aGil Rojas, John Saúl | |
| 245 | 1 | 0 |
_aLeer y escribir textos narrativos : _bpropuesta didáctica para un curso de lenguaje |
| 250 | _a1ra. ed. | ||
| 260 |
_aCali : _bPrograma Editorial Universidad del Valle, _c2008. |
||
| 300 |
_a151 p. : _bil., tbls., fot. |
||
| 650 | 4 | _aDIDACTICA | |
| 650 | 4 | _aEDUCACION | |
| 650 | 4 | _aENSEÑANZA UNIVERSITARIA | |
| 650 | 4 | _aESCRITURA | |
| 650 | 4 | _aLECTURA | |
| 650 | 4 | _aLENGUAJE | |
| 650 | 4 | _aLITERATURA | |
| 650 | 4 | _aMETODOLOGIA | |
| 650 | 4 | _aPRACTICA PEDAGOGICA | |
| 653 | _aANALISIS DEL DISCURSO | ||
| 905 | _a61084 | ||
| 942 | _cLIB | ||
| 999 |
_c13311 _d13311 |
||